00605nam a2200157 a 450000100100000000500170001000800410002702000180006804000250008610000210011124501280013226000630026030000210032350400730034450400300041700004345520201002040929.0140318s2014 dr 000 0 spa d a9789945166057 aDO-SdBNPbspacBNPHU1 aRiveros, Natalia10aEstado de la cuestión de la población de los bateyes dominicanos en relación a la documentación /cNatalia Riveros. aSanto Domingo :bObservatorio Migrantes del Caribe,c2014. a105 p. ;c29 cm. aIncluye referencias bibliográficas y notas al pie de las páginas aBibliografía : p. 85-94